ბათუმის შოთა რუსთაველის სახელმწიფო უნივერსიტეტის ბიბლიოთეკა

მოთხრობები. (ბიბ.ჩანაწერი № 42604)

000 -LEADER
fixed length control field 00609nam a2200205Ia 4500
001 - CONTROL NUMBER
control field 9307
003 - CONTROL NUMBER IDENTIFIER
control field GE_BSU
008 - FIXED-LENGTH DATA ELEMENTS--GENERAL INFORMATION
fixed length control field 181216s||||||||xx |||||||||||||| ||und||
040 ## - CATALOGING SOURCE
Transcribing agency GE_BSU
080 ## - UNIVERSAL DECIMAL CLASSIFICATION NUMBER
Universal Decimal Classification number 821.353.1–32
100 ## - MAIN ENTRY--PERSONAL NAME
Personal name ლომოური,ნიკო
245 ## - TITLE STATEMENT
Title მოთხრობები.
245 ## - TITLE STATEMENT
Statement of responsibility, etc. რედ.დ.მაისურაძე, მხატვ.ირ.რაზმაძე
260 ## - PUBLICATION, DISTRIBUTION, ETC.
Place of publication, distribution, etc. თბილისი
260 ## - PUBLICATION, DISTRIBUTION, ETC.
Name of publisher, distributor, etc. საბლიტგამი
260 ## - PUBLICATION, DISTRIBUTION, ETC.
Date of publication, distribution, etc. 1949
300 ## - PHYSICAL DESCRIPTION
Extent 82გვ.20სმ.
653 ## - INDEX TERM--UNCONTROLLED
Uncontrolled term მოთხრობები.
942 ## - ADDED ENTRY ELEMENTS (KOHA)
Koha item type წიგნი
ეგზემპლარები
Withdrawn status Lost status Damaged status Not for loan Date acquired Barcode Date last seen Price effective from Koha item type
        2018-12-17 32147 2018-12-17 2018-12-17 წიგნი
        2018-12-17 32148 2018-12-17 2018-12-17 წიგნი
        2018-12-17 32149 2018-12-17 2018-12-17 წიგნი
        2018-12-17 32150 2018-12-17 2018-12-17 წიგნი
        2018-12-17 32151 2018-12-17 2018-12-17 წიგნი
        2018-12-17 32152 2018-12-17 2018-12-17 წიგნი
        2018-12-17 32153 2018-12-17 2018-12-17 წიგნი
        2018-12-17 32154 2018-12-17 2018-12-17 წიგნი